El registro de estado civil Historia y evolucin̤ /

Detalles Bibliográficos
Autor principal: Reyes Vs̀quez, Ral︢
Formato: eBook
Lenguaje:español
Publicado: Santo Domingo: Gaceta Judicial, 2015
Materias:
Acceso en línea:Acceso restringido

MARC

LEADER 00000nam a22000007a 4500
005 20201023132327.0
007 cr|||| ||||
008 201023s2015 do |||||s|||| 00||0 spa d
020 |a 978-9945-8912-6-3 
035 |a 32103 
040 |a vLex 
090 |c 10791  |d 10791 
100 1 |a Reyes Vs̀quez, Ral︢ 
245 1 2 |a El registro de estado civil  |h [Recurso electrn̤ico] :  |b Historia y evolucin̤ /  |c Ral︢ Reyes Vs̀quez 
256 |a Servicio en ln̕ea 
260 |a Santo Domingo:  |b Gaceta Judicial,  |c 2015 
300 |a 1 recurso electrn̤ico 
500 |a La obra est ̀dividida en tres partes. La primera comprende los org̕enes de la institucin̤, su evolucin̤ en Francia y en la Repb︢lica Dominicana. La segunda versa sobre la conformacin̤ del Registro de Estado Civil de acuerdo con la legislacin̤ nacional. La tercera parte est ̀dedicada al estudio particular de cada acta del estado civil, con sus reglas propias. Se cierra con siete apňdices: tres sobre las disertaciones en la Asamblea Nacional y el Consejo de Estado, a props̤ito de la introduccin̤ del proyecto de ley sobre actos del estado civil, en el tiempo de los trabajos y discusiones que dieron origen al Cd̤igo Civil francš. Un cuarto contiene la primera ley adoptada en el pas̕ destinada a sistematizar los actos del estado civil. El quinto apňdice reproduce la Orden ejecutiva nm︢. 375, que establece la Ley de matrimonio del 26 de diciembre de 1919. Por l︢timo, por su gran interš para el tema central de la obra, se incluyen la parte del Proyecto de Cd̤igo Civil Reformado que intenta recuperar para la codificacin̤ lo relacionado con la institucin̤ objeto de este trabajo, as ̕como las cuestiones contempladas en el nuevo Cd̤igo Penal de la Repb︢lica Dominicana (Ley nm︢. 5550-14). 
506 1 |a Disponible solo en los productos indicados  |d vLex Global  |d vLex Global (Academic Edition, excluding Law Schools)  |d vLex Global (U.S. Academic Edition, Law Schools)  |d vLex Global (U.S. Academic Edition, excluding Law Schools)  |d vLex Global (Academic Edition, Law Schools) 
650 0 4 |a Derecho Civil  |z Repb︢lica Dominicana 
740 0 |a vLex Libros (Servicio en ln̕ea) 
856 4 0 |u http://vlex.com/source/registro-de-estado-civil-historia-y-evolucion-32103  |z Acceso restringido 
942 |c BOOK 
999 0 |a Civil Law